|
|
|
|
| LEADER |
00000nam a22000007a 4500 |
| 005 |
20200714012319.0 |
| 007 |
cr|||| |||| |
| 008 |
200714s2012 br |||||s|||| 00||0 por d |
| 020 |
|
|
|a 978-85-8248-011-3
|
| 035 |
|
|
|a 31789
|
| 040 |
|
|
|a vLex
|
| 090 |
|
|
|c 10619
|d 10619
|
| 100 |
1 |
|
|a Camargo Garcia, Thiago
|
| 245 |
1 |
0 |
|a Sentenȧ transitada em julgado violadora da constituiȯ̂ federal de 1988
|h [Recurso electrn̤ico] :
|b anl̀ise ̉luz da teoria dos princp̕ios /
|c Thiago Camargo Garcia
|
| 256 |
|
|
|a Servicio en ln̕ea
|
| 260 |
|
|
|a San Pablo:
|b Letras Jurídicas Editora,
|c 2012
|
| 300 |
|
|
|a 1 recurso electrn̤ico
|
| 500 |
|
|
|a A presente monografia examina o tormentoso problema jurd̕ico da existn̊cia de sentenȧs inconstitucionais transitadas soberanamente em julgado e a possibilidade de desconstituiȯ̂ de tais sentenȧs aps̤ ter findado o prazo para ajuizamento de aȯ̂ rescisr̤ia. A anl̀ise ocorre com base na teoria dos princp̕ios, sobretudo, na distinȯ̂ entre regras e princp̕ios jurd̕icos, e na aplicaȯ̂ das referidas normas ̉luz dos postulados.
|
| 506 |
1 |
|
|a Disponible solo en los productos indicados
|d vLex Global
|d vLex Global (Academic Edition, excluding Law Schools)
|d vLex Global (U.S. Academic Edition, Law Schools)
|d vLex Global (U.S. Academic Edition, excluding Law Schools)
|d vLex Global (Academic Edition, Law Schools)
|
| 650 |
0 |
4 |
|a Derecho Constitucional
|z Brasil
|
| 740 |
0 |
|
|a vLex Libros (Servicio en ln̕ea)
|
| 856 |
4 |
0 |
|u http://vlex.com/source/senten-a-transitada-em-julgado-violadora-da-constitui-o-federal-de-1988-analise-a-luz-da-teoria-dos-principios-31789
|z Acceso restringido
|
| 942 |
|
|
|c BOOK
|
| 999 |
0 |
|
|a Constitutional right
|